000 01794nam a2200313 a 4500
999 _c9762
_d9762
001 9762
003 BD-JhCC
005 20180325190337.0
008 180325s1986 ilua be 001 0deng
020 _a0852294344 (set)
035 _a(BD-JhCC)9762
040 _aDLC
_cDLC
_dDLC
_dBD-JhCC
041 _aeng
050 0 0 _aAE5
_b.E363 1986
082 0 0 _a031
_219
_bNEW 1986
245 0 4 _aThe New Encyclopaedia Britannica /
_cEncyclopædia Britannica, inc.
250 _a15th ed.
260 _aChicago :
_bEncyclopaedia Britannica,
_cc1986.
300 _a32 v. :
_bill. (some col.) ;
_c29 cm.
500 _aSpine title: Britannica.
500 _aThird Index : A-K Third Index : L-K Volum-1 : A-ak Bayes Volum-2 : Bayen Ceanothus Volum-3 : Ceara Deluc Volum-4 : Delusion Frenssen Volum-5 : Freon Holderlin Volum-6 : Holderness Krasnoje Volum-7 : Krasnokamsk Menadra Volum-8 : Menage Ottawa Volum-9 : Otter Rethimnon Volum-10 : Reti Solovets Volum-11: Solovyov Truck Volum-12 : Trudeau Zywiec Volum-13 : Accounting Architecture Volum-14 : Arctic Biosphere Volum-15 : Birds Chemical Volum-16 : Chicago Death Volum-17 : Decorative Edison Volum-18 : Education Evolution Volum-19: Excretion Geometry Volum-20 : Geomorphic Immunity Volum-21 : India Ireland Volum-22 : Islam Life Volum-23 : Light Metabolism Volum-24 : Metaphyics Morway Volum-25 : Numbe Prague Volum-26 : Pre-Columnbian Sacred Volum-27 : Safety Southern Volum-28 : Spain Union Volum-29 : United Zoroastrianism Volum-30 : Volum-31 :
504 _aIncludes bibliographies.
505 0 _av. 1-12. Micropædia -- v. 13-29. Macropædia.
650 0 _aEncyclopedias and dictionaries.
710 2 _aEncyclopædia Britannica, inc.
740 0 _aBritannica.
942 _2ddc
_cREF